00551nam a2200217 a 4500001001300000003000900013005001700022008004100039020000800080082001500088100002500103245002600128260003600154300000900190500003500199505001200234650003000246650001600276650001600292700002500308nice12345678IN_TiNIC20260116011502.0050524s1956 dela grp 000 0 urd  ac400a297.8bPAR aPaewez, Ghulam Ahmed aMizaj Shinas-E-Rasool aDelhibAastana Book Depotc1956 a448p aincludes index and biblioraphy2 aTurkish aJamaat-E-Islami-Criticism aIslam-Sects aAhl-E-Quran1 aPaewez, Ghulam Ahmed